BTEC National Business. (Record no. 1729)

MARC details
005 - DATE AND TIME OF LATEST TRANSACTION
control field 20250428152429.0
020 ## - INTERNATIONAL STANDARD BOOK NUMBER
International Standard Book Number 0435 45535 4
082 ## - DEWEY DECIMAL CLASSIFICATION NUMBER
Classification number 658 DRA
100 ## - MAIN ENTRY--PERSONAL NAME
Author name DRANSFIELD, R.
245 ## - TITLE STATEMENT
Title BTEC National Business.
260 ## - PUBLICATION, DISTRIBUTION, ETC.
Place of publication, distribution, etc. Heinemann ,
Name of publisher, distributor, etc. Halley Court,
Date of publication, distribution, etc. 2004
300 ## - PHYSICAL DESCRIPTION
Extent Viii, 406p.: ill.; picture
Other physical details Glossary & Index
Dimensions 26cm.
700 ## - ADDED ENTRY--PERSONAL NAME
Other authors/Editors RICHARDS, C. & GUY, P. & DOOLEY, D.
856 ## - ELECTRONIC LOCATION AND ACCESS
Link text Access Online Book
Electronic name Business
Path www.heinemann.co.uk
942 ## - ADDED ENTRY ELEMENTS (KOHA)
Source of classification or shelving scheme Dewey Decimal Classification
Koha item type Books
Holdings
Date last seen Total checkouts Full call number Barcode Cost, replacement price Price effective from Koha item type Lost status Source of classification or shelving scheme Damaged status Not for loan Withdrawn status Home library Current library Shelving location Date acquired Cost, normal purchase price
04/28/2025   658 DRA 0000006621 90000.00 04/28/2025 Books   Dewey Decimal Classification       College of Business Education Main Library College of Business Education Main Library General Collection 01/11/2006 30000.00
04/28/2025   658 DRA 0000006622 90000.00 04/28/2025 Books   Dewey Decimal Classification       College of Business Education Main Library College of Business Education Main Library General Collection 01/11/2006 30000.00